[Event "Stay Safe Play From Home 362"]
[Site "Emanuel Lasker Arena"]
[Date "2020.08.06"]
[Round "9"]
[White "Lamborghini"]
[Black "Eidgenosse"]
[Result "0-1"]
[WhiteElo "2345"]
[BlackElo "2470"]
[Annotator "TA"]
[PlyCount "110"]
[EventDate "2020.08.06"]
[EventType "swiss (blitz)"]

{[%evp 12,110,33,29,252,36,26,16,61,42,61,54,68,35,36,0,26,0,0,-2,-13,-18,-23,-30,-30,-89,-100,-84,-85,-332,-54,-39,-54,-46,24,21,121,118,116,36,127,0,0,-10,0,-5,-4,-6,0,-1,0,0,0,0,0,-1,-1,-5,8,0,0,0,0,0,0,0,0,0,0,0,0,0,0,0,0,0,0,0,0,0,0,0,0,0,0,0,0,0,0,0,0,0,0,0,0,0,12840,0,0,0,0]} 1. e4 d6 2. d4 Nf6 3. Nc3 e5 4. dxe5 dxe5 5. Qxd8+ Kxd8 6. Bg5 Be6 7. f4 Nbd7 $2 {B07: Pirc Defence: Miscellaneous Systems.} (7... Kc8 $11 {and Black is okay.}) 8. Nf3 $2 (8. f5 $18) 8... exf4 $14 9. Bxf4 {[#]} Bd6 $146 ({Predecessor:} 9... Bb4 10. Bd3 Re8 11. O-O h6 12. h3 c6 13. a3 Bc5+ 14. Kh1 a5 15. Ne2 Kc8 {0-1 (33) Grecny,K (1839)-Marsalek,Z (2177) Prague 2020}) 10. e5 {[%mdl 64] Double Attack} Nh5 11. Bg5+ Be7 $1 12. Bxe7+ Kxe7 13. O-O-O g6 14. Be2 Nf4 15. Bf1 c6 16. g3 Nd5 17. Ne4 Bg4 18. Be2 (18. Ned2 $11 {keeps the balance.}) 18... Bxf3 $1 $17 19. Bxf3 Nxe5 20. Rhf1 $2 (20. Bg2 $17 {was necessary.}) 20... Nxf3 $2 (20... Ne3 $19 21. Rfe1 Nxd1 22. Bxd1 b6) 21. Rxf3 $15 f5 22. Nc5 Rhe8 (22... b5 $15) 23. Nxb7 Rab8 (23... Kf8 $11) 24. Na5 $16 Rb6 {[#]} 25. Nc4 (25. Nxc6+ $1 $16 {[%mdl 512]} Rxc6 26. Rxd5) 25... Rb4 {[#]} (25... Ra6 $1 $14) 26. Ne5 ({White should play} 26. b3 $1 $16) 26... Kd6 $36 {[%mdl 2048] Black is more active.} 27. Nd3 Rbe4 28. b3 Kc7 29. Nc5 Re1 (29... R4e5 {feels hotter.} 30. Rd2 a5 31. a3 Nb6 32. Nd3 R5e7) 30. c4 Rxd1+ 31. Kxd1 {[%mdl 4096] Endgame KRN-KRN} Nf6 32. Rd3 Ne4 (32... a5 {with more complications.} 33. a3 Re7 34. Kc2 Ng4 35. Rd2 g5) 33. Nxe4 Rxe4 {KR-KR} 34. Kd2 h5 35. Kc3 h4 36. gxh4 Rxh4 37. h3 g5 38. b4 g4 39. hxg4 fxg4 40. Re3 Rh3 41. Kd2 Kd6 42. Re4 g3 43. Rg4 Rh2+ 44. Kd3 Rxa2 45. Kd4 Rd2+ 46. Kc3 Rg2 47. Rg6+ Kc7 {Hoping for ...Rg1.} 48. Kd4 Kb6 {White must now prevent ...Rg1.} 49. b5 Rd2+ 50. Kc3 Rf2 51. Rxc6+ Kb7 52. Rg6 g2 53. Kb4 a5+ $2 {[%mdl 8192]} (53... Kc7 $11) 54. Kc5 $2 (54. Kxa5 $18 Kc7 55. c5 Ra2+ 56. Kb4) 54... Rf5+ 55. Kd4 Rf4+ {[%mdl 32768] White used his chance. Accuracy: White = 73%, Black = 69%. . Loss on time!?} 0-1

[Event "Stay Safe Play From Home 362"]
[Site "Emanuel Lasker Arena"]
[Date "2020.08.06"]
[Round "9"]
[White "Haris kollari 13"]
[Black "Greblha"]
[Result "0-1"]
[WhiteElo "1713"]
[BlackElo "1946"]
[Annotator "NA RC"]
[PlyCount "58"]
[EventDate "2020.08.06"]
[EventType "swiss (blitz)"]

1. e4 {[%emt 0:00:01]} c6 {[%emt 0:00:00]} 2. f4 {[%emt 0:00:01]} d5 {[%emt 0:00:00]} 3. e5 {[%emt 0:00:00]} Bf5 {[%emt 0:00:01]} 4. d4 {[%emt 0:00:00]} e6 {[%emt 0:00:00]} 5. c3 {[%emt 0:00:00]} c5 {[%emt 0:00:01]} 6. Nf3 {[%emt 0:00:00]} Nc6 {[%emt 0:00:00]} 7. Be3 {[%emt 0:00:01]} h6 {[%emt 0:00:01]} 8. b3 {[%emt 0:00:01]} cxd4 {[%emt 0:00:02]} 9. cxd4 {[%emt 0:00:01]} Bb4+ {[%emt 0:00:01]} 10. Nbd2 {[%emt 0:00:01]} Nge7 {[%emt 0:00:02]} 11. Be2 {[%emt 0:00:01]} O-O {[%emt 0:00:01]} 12. O-O {[%emt 0:00:01]} Rc8 {[%emt 0:00:01]} 13. h3 {[%emt 0:00:01]} Bc3 {[%emt 0:00:05]} 14. Rc1 {[%emt 0:00:02]} Bb2 {[%emt 0:00:01]} 15. g4 {[%emt 0:00:09]} Bxc1 {[%emt 0:00:01]} 16. gxf5 {[%emt 0:00:03]} Bxd2 {[%emt 0:00:04]} 17. Qxd2 {[%emt 0:00:03]} Nxf5 {[%emt 0:00:02]} 18. Bf2 {[%emt 0:00:02]} Qa5 {[%emt 0:00:02]} 19. Qb2 {[%emt 0:00:05]} Qb4 {[%emt 0:00:02]} 20. Be1 {[%emt 0:00:04]} Qb6 {[%emt 0:00:02]} 21. Bd3 {[%emt 0:00:03]} Nfxd4 {[%emt 0:00:03]} 22. Bf2 {[%emt 0:00:04]} Nxf3+ {[%emt 0:00:02]} 23. Kg2 {[%emt 0:00:01]} Nh4+ {[%emt 0:00:05]} 24. Bxh4 {[%emt 0:00:02]} Qe3 {[%emt 0:00:02]} 25. Be2 {[%emt 0:00:04]} Nd4 {[%emt 0:00:02]} 26. Bf2 {[%emt 0:00:02]} Qxe2 {[%emt 0:00:01]} 27. Qxd4 {[%emt 0:00:02]} Rc2 {[%emt 0:00:02]} 28. Re1 {[%emt 0:00:02]} Qd2 {[%emt 0:00:02]} 29. Rf1 {[%emt 0:00:02]} Rfc8 {[%emt 0:00:01] Time Time Time Time Time (Lag: Av=0.42s, max=0.9s) (Lag: Av=0.42s, max=0.9s) (Lag: Av=0.42s, max=0.9s) (Lag: Av=0.42s, max=0.9s) (Lag: Av=0.42s, max=0.9s)} 0-1

[Event "Stay Safe Play From Home 362"]
[Site "Emanuel Lasker Arena"]
[Date "2020.08.06"]
[Round "9"]
[White "Ao017545"]
[Black "SelamiSahin"]
[Result "0-1"]
[WhiteElo "1571"]
[BlackElo "2158"]
[Annotator "NA RC"]
[PlyCount "70"]
[EventDate "2020.08.06"]
[EventType "swiss (blitz)"]

{- Yarar, Atakan} 1. e4 {[%emt 0:00:01]} c6 {[%emt 0:00:00]} 2. Nf3 {[%emt 0:00:01]} d5 {[%emt 0:00:00]} 3. Nc3 {[%emt 0:00:00]} Bg4 {[%emt 0:00:01]} 4. e5 {[%emt 0:00:03]} e6 {[%emt 0:00:01]} 5. h3 {[%emt 0:00:03]} Bh5 {[%emt 0:00:01]} 6. g4 {[%emt 0:00:01]} Bg6 {[%emt 0:00:01]} 7. g5 {[%emt 0:00:03]} c5 {[%emt 0:00:01]} 8. h4 {[%emt 0:00:01]} Nc6 {[%emt 0:00:01]} 9. d4 {[%emt 0:00:03]} cxd4 {[%emt 0:00:01]} 10. Nb5 {[%emt 0:00:03]} Qa5+ {[%emt 0:00:05]} 11. c3 {[%emt 0:00:06]} dxc3 {[%emt 0:00:02]} 12. Nxc3 {[%emt 0:00:04]} Bb4 {[%emt 0:00:01]} 13. Bd2 {[%emt 0:00:02]} Be4 {[%emt 0:00:01]} 14. Nxe4 {[%emt 0:00:01]} dxe4 {[%emt 0:00:02]} 15. Bxb4 {[%emt 0:00:01]} Qxb4+ {[%emt 0:00:03]} 16. Nd2 {[%emt 0:00:00]} Nxe5 {[%emt 0:00:01]} 17. a3 {[%emt 0:00:02]} Nf3+ {[%emt 0:00:04]} 18. Qxf3 {[%emt 0:00:04]} Qxd2+ {[%emt 0:00:01]} 19. Kxd2 {[%emt 0:00:01]} exf3 {[%emt 0:00:00]} 20. Rc1 {[%emt 0:00:01]} Ne7 {[%emt 0:00:05]} 21. Ke3 {[%emt 0:00:01]} Nc6 {[%emt 0:00:01]} 22. Bb5 {[%emt 0:00:02]} Rc8 {[%emt 0:00:01]} 23. Kxf3 {[%emt 0:00:02]} Ke7 {[%emt 0:00:00]} 24. Bxc6 {[%emt 0:00:02]} Rxc6 {[%emt 0:00:00]} 25. Rxc6 {[%emt 0:00:01]} bxc6 {[%emt 0:00:00]} 26. Rd1 {[%emt 0:00:01]} Rb8 {[%emt 0:00:01]} 27. Rd2 {[%emt 0:00:00]} Rb5 {[%emt 0:00:01]} 28. Ke4 {[%emt 0:00:01]} a5 {[%emt 0:00:01]} 29. a4 {[%emt 0:00:02]} Rb4+ {[%emt 0:00:01]} 30. Rd4 {[%emt 0:00:01]} Rxd4+ {[%emt 0:00:01]} 31. Kxd4 {[%emt 0:00:01]} Kd6 {[%emt 0:00:00]} 32. f4 {[%emt 0:00:02]} c5+ {[%emt 0:00:02]} 33. Kc4 {[%emt 0:00:01]} Kc6 {[%emt 0:00:01]} 34. b3 {[%emt 0:00:01]} f6 {[%emt 0:00:01]} 35. Kd3 {[%emt 0:00:00]} e5 {[%emt 0:00:01] Zaman Zaman Zaman Zaman Zaman (Lag: Av=0.66s, max=1.4s) (Lag: Av=0.66s, max=1.4s) (Lag: Av=0.66s, max=1.4s) (Lag: Av=0.66s, max=1.4s) (Lag: Av=0.66s, max=1.4s)} 0-1

[Event "Stay Safe Play From Home 362"]
[Site "Emanuel Lasker Arena"]
[Date "2020.08.06"]
[Round "9"]
[White "Klasman"]
[Black "Sfantul321"]
[Result "0-1"]
[WhiteElo "1394"]
[BlackElo "1982"]
[Annotator "NA RC"]
[PlyCount "62"]
[EventDate "2020.08.06"]
[EventType "swiss (blitz)"]

1. f4 {[%emt 0:00:02]} g6 {[%emt 0:00:00]} 2. e4 {[%emt 0:00:02]} Bg7 {[%emt 0:00:00]} 3. d4 {[%emt 0:00:01]} c5 {[%emt 0:00:00]} 4. d5 {[%emt 0:00:02]} e6 {[%emt 0:00:01]} 5. c4 {[%emt 0:00:03]} exd5 {[%emt 0:00:01]} 6. cxd5 {[%emt 0:00:02]} d6 {[%emt 0:00:00]} 7. Nc3 {[%emt 0:00:01]} Nf6 {[%emt 0:00:01]} 8. Nf3 {[%emt 0:00:01]} O-O {[%emt 0:00:01]} 9. Bd3 {[%emt 0:00:01]} Re8 {[%emt 0:00:01]} 10. O-O {[%emt 0:00:01]} Bg4 {[%emt 0:00:01]} 11. Be3 {[%emt 0:00:01]} a6 {[%emt 0:00:01]} 12. h3 {[%emt 0:00:01]} Bxf3 {[%emt 0:00:01]} 13. Qxf3 {[%emt 0:00:02]} b5 {[%emt 0:00:00]} 14. a3 {[%emt 0:00:01]} c4 {[%emt 0:00:01]} 15. Bc2 {[%emt 0:00:01]} Nbd7 {[%emt 0:00:00]} 16. f5 {[%emt 0:00:01]} Ne5 {[%emt 0:00:01]} 17. Qf2 {[%emt 0:00:02]} Rc8 {[%emt 0:00:01]} 18. fxg6 {[%emt 0:00:01]} fxg6 {[%emt 0:00:01]} 19. Bg5 {[%emt 0:00:01]} Rf8 {[%emt 0:00:00]} 20. g4 {[%emt 0:00:05]} Ned7 {[%emt 0:00:01]} 21. Ne2 {[%emt 0:00:03]} Qe8 {[%emt 0:00:03]} 22. Nd4 {[%emt 0:00:02]} Nxe4 {[%emt 0:00:01]} 23. Qxf8+ {[%emt 0:00:02]} Nxf8 {[%emt 0:00:01]} 24. Rxf8+ {[%emt 0:00:03]} Bxf8 {[%emt 0:00:02]} 25. Ne6 {[%emt 0:00:04]} Nxg5 {[%emt 0:00:01]} 26. Nxg5 {[%emt 0:00:02]} Qe3+ {[%emt 0:00:01]} 27. Kg2 {[%emt 0:00:02]} Qxg5 {[%emt 0:00:01]} 28. Rd1 {[%emt 0:00:02]} Bg7 {[%emt 0:00:01]} 29. Be4 {[%emt 0:00:02]} Re8 {[%emt 0:00:01]} 30. Bf3 {[%emt 0:00:01]} Qe3 {[%emt 0:00:01]} 31. Rf1 {[%emt 0:00:02]} Be5 {[%emt 0:00:01] Time Time Time Time Time (Lag: Av=0.35s, max=0.7s) (Lag: Av=0.35s, max=0.7s) (Lag: Av=0.35s, max=0.7s) (Lag: Av=0.35s, max=0.7s) (Lag: Av=0.35s, max=0.7s)} 0-1